| 000 | 00775nam a2200253Ia 4500 | ||
|---|---|---|---|
| 003 | OSt | ||
| 005 | 20220918171413.0 | ||
| 006 | a|||||r|||| 00| 0 | ||
| 007 | ta | ||
| 008 | 220917b |||||||| |||| 00| 0 eng d | ||
| 020 |
_a9781780325620 (pbk) _c1330.82 |
||
| 024 | _a281,157 | ||
| 037 |
_b11425, 12/03/2014, Elite Publishers Distributors _cTextual |
||
| 040 |
_aARTS _cARTS _beng |
||
| 041 |
_2eng _aeng |
||
| 082 | _aX.1, Q4 | ||
| 100 |
_aChomsky Noam _914318 |
||
| 245 | 0 | _aRealizing hope life beyond capitalism Michael Albert | |
| 260 |
_aLondon _bZed Books UK _c2014 |
||
| 300 |
_axvii,198p. _ccm. |
||
| 650 | _aECONOMICS | ||
| 942 |
_hX.1, Q4 _cTEXL _2CC |
||
| 999 |
_c139443 _d139443 |
||